000 00513nam a22001337a 4500
003 SGT
082 _a617.6342
_bC25J
100 _aJain, Nimisha
245 _aComparative Evaluation of the effect of oral premedication with a single dose of Ketorolac, dexamethasone and intensity of post operative endodontic pain
_bA double blinded randomized controlled clinical trial
260 _aGurugram, Haryana
_bSGT University
_c2025
300 _a115
650 _aConservative Dentistry and Endodontics
942 _2ddc
_cTH
999 _c32070
_d32070